Education and the social order
Guardat en:
| Autor principal: | |
|---|---|
| Format: | Llibre |
| Idioma: | anglès |
| Publicat: |
Londres
George Allen
1933
|
| Matèries: | |
| Etiquetes: |
Afegir etiqueta
Sense etiquetes, Sigues el primer a etiquetar aquest registre!
|
MARC
| LEADER | 00000nam a2200000 a 4500 | ||
|---|---|---|---|
| 001 | UCY0752 | ||
| 003 | CL-VaPUC | ||
| 008 | 940811e19330000UK |||||||||||||||||eng|d | ||
| 082 | 0 | 4 | |a 370.1 |b RUS |2 21 |
| 100 | 0 | |a Russell, Bertrand |e author |9 323650 | |
| 245 | 1 | 0 | |a Education and the social order |
| 300 | |a 254 p | ||
| 942 | |c BK | ||
| 945 | |d 19940811 00:00:00 |a rbrito | ||
| 260 | |a Londres |b George Allen |c 1933 | ||
| 650 | 0 | |a Filosofía de la educación |9 258384 | |
| 583 | |a last modification |c 19940811 00:00:00 |k Rodrigo Vera | ||
| 999 | |c 229675 |d 229673 | ||
| 952 | |0 0 |1 0 |4 0 |6 370_100000000000000_RUS_1933 |7 0 |8 P |9 231098 |a BIBEDU |b BIBEDU |c BIBEDU_PB |d 2019-11-15 |i 3007448 |o 370.1 RUS 1933 |p 3007448 |r 2024-01-25 |w 2019-11-15 |y BK |k FIL | ||